000 00816nam a2200253 i 4500
001 16638
003 ES-MaACL
005 20240510193407.0
007 t|
008 001020s1999 sp ||||0| spa j
020 _a84-322-0810-8
040 _aM-BN
_bspa
_cM-BN
080 _a821.134.2-94"19"
100 1 _aCrespo, Ángel,
_d1926-1995
_941513
245 1 4 _aLos trabajos del espíritu
_b: diarios (1971-1972/1978-1979) /
_cAngel Crespo ; edición y notas de Pilar Gómez Bedate.
250 _a1ª ed.
260 _aBarcelona :
_bSeix Barral,
_c1999.
300 _a431 p. ;
_c23 cm.
490 1 _aBiblioteca breve
700 1 _aGómez Bedate, Pilar,
_d1936-2017
_957833
830 0 _aBiblioteca breve (Seix Barral)
_9227188
852 _aES-MaACL
_jL-23639
_bR.128477
999 _c16638
_d16638